Electromecanizado: electroerosión y mecanizado electroquímico

Saved in:
Bibliografiske detaljer
Hovedforfatter: Molera Solà, Pere (autor)
Format: Bog
Sprog:spansk
Udgivet: Barcelona Marcombo 1989
Serier:Colección Productica, 30
Fag:
Tags: Tilføj Tag
Ingen Tags, Vær først til at tagge denne postø!

MARC

LEADER 00000nam a2200000 a 4500
001 UCP6039
003 CL-VaPUC
008 991008e19890000SP |||||||||||||||||spa|d
082 0 4 |a 621.3  |b MOL  |2 21 
100 |a Molera Solà, Pere  |e autor  |9 434833 
245 1 0 |a Electromecanizado: electroerosión y mecanizado electroquímico 
300 |a 107 p 
942 |c BK 
945 |d 19991008 00:00:00  |a rbrito 
260 |a Barcelona  |b Marcombo  |c 1989 
650 0 |a Mecánica   |9 260096 
650 7 |a ELECTRODOS  |2 CL-VaPUC  |9 306983 
650 7 |a ELECTROQUIMICO  |2 CL-VaPUC  |9 434834 
650 7 |a ELECTROLITO  |2 CL-VaPUC  |9 434835 
650 7 |a DIELECTRICOS  |2 CL-VaPUC  |9 423883 
583 |a last modification  |c 19991008 00:00:00  |k Rodrigo Vera 
490 0 |a Colección Productica, 30 
999 |c 283670  |d 283668